| 000 | 00504nam a2200229Ia 4500 | ||
|---|---|---|---|
| 005 | 20250425161704.0 | ||
| 008 | 250425s9999 xx 000 0 und d | ||
| 041 | _aspa | ||
| 082 | _a700 | ||
| 245 | 0 | _aTRAJES Y JOYAS DEL ANTIGUO PERU | |
| 250 | _a1A ED. | ||
| 260 |
_aChile _bS.E. |
||
| 260 | _aSANTIAGO DE CHILE | ||
| 300 | _a57 | ||
| 650 | _aARTE PREHISPANICO | ||
| 650 | _aCATALOGO | ||
| 650 | _aORFEBRERIA | ||
| 650 | _aPERU | ||
| 650 | _aTEXTILES | ||
| 942 | _c01 | ||
| 010 | _a25881 | ||
| 999 |
_c214102 _d214102 |
||